Регионална библиотека "Любен Каравелов" - Русе

Гарвани (Запис номер 83102)

MARC детайли
000 -Лидер
Контролно поле с фиксирана дължина 01133nam a2200337 c 4500
003 - Код на организацията, давaща контролен номер
Контролно поле BLK
005 - Дата и час на последна редакция
Контролно поле 20220225124900.0
008 - Елементи от данни с фиксирана дължина
fixed length control field 180408b bul|||||r ||||||| ||bul||
010 ## - Наследен системен номер
LC control number KNG00087645000
020 ## - Международен стандартен номер на книга ISBN
Международен стандартен номер на книга ISBN 954-798-022-Х
040 ## - Източник на каталожния запис
Идентификатор на билиотеката - собственик на записа BLK
041 ## - Код за език
Код за езика на текст/звукозапис или на отделно заглавие Български
Код за езика КДБФ Български
072 #7 - Код за тематичната категория
Код организация bullib
Код за тематична категория К
Текст Краезнание
080 ## - УДК
Текстов определител УДК Българска литература
УДК код - определител по УДК 821.163.2
УДК определител -1
УДК - код + определител 821.163.2-1
100 1# - Редна дума - Автор
Автор Коларова, Румена
Авторска отговорност първи автор
R(LIN) 267225
139 ## - Редно поле
Редна дума Коларова, Румена
Авторски знак Кок - К 77
245 10 - Сведения за заглавието
Заглавие Гарвани
Редно поле (дума) Румена Коларова.
257 ## - Страна на издаване
Страна на създаване/издаване България
260 ## - Област на издателските данни
Име на издателя, разпространителя и проч. Бул-Корени
Година на издаване 2005
Печатница София : Изток-Запад
300 ## - Физическа характеристика
Страници 48 с.
Илюстрации и др. с ил.
Размери/Мащаб 20 см
380 ## - Жанр
Жанр Худож. лит.
490 1# - СЕРИИ (Колекции)
Име на серия Поредица Нестинарска жарава
№: серия 3
500 ## - Общи забележки
Забележка Офс. изд.
653 ## - Ключова дума – ненормативна
Ключова дума стихотворения
659 ## - Тематичен бюлетин
Тематичен бюлетин К
852 ## - Местоположение
Форматна сигнатура Цб 242687
852 ## - Местоположение
Форматна сигнатура К 821.163.2/К 77 Р
856 4# - Електронен адрес и достъп
Електронен формат pdf - файл
856 4# - Електронен адрес и достъп
Електронен формат pdf - файл
999 ## - СИСТЕМНИ КОНТРОЛНИ НОМЕРА
Koha biblionumber 83102
Koha biblioitemnumber 83102
942 ## - АРТИКУЛИ
Вид на библиотечния материал Книги
Скрит в OPAC Не
Периодичен библиозапис Да
944 ## - СЪЗДАВАНЕ И РЕДАКЦИЯ на ЗАПИСА
Създаване/Редакция Създаване
Дата на регистрацията/редакция 04.02.2009
Статус, дата на статуса ф /
Служител, извършил регистрацията/редакцията Людмила_Стоянова
944 ## - СЪЗДАВАНЕ И РЕДАКЦИЯ на ЗАПИСА
Създаване/Редакция Редакция
Дата на регистрацията/редакция 05.06.2009
Статус, дата на статуса ф /
999 ## - СИСТЕМНИ КОНТРОЛНИ НОМЕРА
Koha biblioitemnumber 83102
Наличности
Код за отписване Код за изгубен артикул Код за повреда Коз за рестрикции Код за отдаване Артикулен № Име на библиотеката - собственик Име на библиотеката, в която се намира в момента Статус (Текущо местоположение) Дата на вписване в системата Местоположение - отдел Цена в лева Инвентарен номер Систематично азбучна сигнатура Баркод Номер на екземпляра Цена в евро Служебна бележка Служебен тип на артикула Източник на класификационната схема Номерация (Хронология)
  Не е изгубен Не е повреден без рестрикции ползва се в читалня 135128 Регионална библиотека "Любен Каравелов" Русе Регионална библиотека "Любен Каравелов" Русе Хранилище 2009-02-03 Хранилище 0.00 120000733350 Цб 242687 120000733350 1 0.00 Дост: Dp Вид: Д N: 36 Дата: 20.08.2008 Книги    
  Не е изгубен Не е повреден без рестрикции ползва се в читалня 135129 Регионална библиотека "Любен Каравелов" Русе Регионална библиотека "Любен Каравелов" Русе Краезнание 2009-05-28 Краезнание 4.00 120000735912 К 821.163.2/К 77 Р 120000735912 2 2.05 Дост: DA Вид: А N: 6 Дата: 28.05.2009 Дата инв: 14.11.2017 Бележки инв: К2017 Книги Universal Decimal Classification Автограф: Румена Коларова
Vip Innovations Ltd, Rousse, Bulgaria 2025